000 00295nam a22001337a 4500
008 170313b xxu||||| |||| 00| 0 eng d
020 _a9781856979948
041 _aeng
080 _a591
100 _a7
101 _aSHM
245 _aFIRST ENCYCLOPEDIA OF ANIMALS
_cBURNIE, D
942 _2udc
_cBK
999 _c7732
_d7732